00309nam a2200109Ia 4500008004100000041000800041100001600049245005500065260004300120300000800163700002800171250110s9999 xx 000 0 und d aeng aKamat Durga aImpacts Of Chakan MIDC On The Surrounding Environs bBNCA-M Arch Digital ArchitectureaPune a98p aGuide Name:Nawale Rahul